Biggest Cities and Urban Areas in Canada - Whammies - Statistics

General Stats
  • This quiz has been taken 64 times
  • The average score is 27 of 40
Answer Stats
# # Answer % Correct
City 1.190.458 Edmonton
100%
Urban Area 1.632.000 Edmonton
100%
City 3.272.119 Toronto
100%
Urban Area 7.106.000 Toronto
100%
City 756.008 Vancouver
100%
Urban Area 3.109.000 Vancouver
100%
City 1.569.133 Calgary
98%
Urban Area 1.779.000 Calgary
98%
City 1.945.359 Montreal
98%
Urban Area 4.615.000 Montreal
98%
City 1.153.843 Ottawa
95%
Urban Area 1.660.000 Ottawa / Gatineau
95%
City 592.884 Québec
95%
Urban Area 900.000 Québec
95%
City 843.640 Winnipeg
92%
Urban Area 942.000 Winnipeg
92%
City 502.753 Halifax
78%
Urban Area 530.000 Halifax
78%
City 632.111 Hamilton
75%
Urban Area 860.000 Hamilton
75%
City 488.640 London
75%
Urban Area 626.000 London
75%
City 780.747 Mississauga
71%
Urban Area 484.000 Windsor
68%
Urban Area 282.000 Regina
64%
Urban Area 367.000 Saskatoon
64%
Urban Area 441.000 Victoria
61%
Urban Area 696.000 Kitchener
49%
City 320.360 Kitchener
47%
City 791.486 Brampton
42%
City 700.459 Surrey
42%
Urban Area 492.000 St. Catharines / Niagara
39%
City 460.396 Laval
32%
City 305.334 Gatineau
31%
Urban Area 482.000 Oshawa
29%
Urban Area 252.000 Kelowna
24%
City 368.110 Markham
19%
City 353.648 Vaughan
15%
Urban Area 246.000 Barrie
14%
City 298.986 Burnaby
14%
No matching quizzes found
Score Distribution
Percent of People with Each Score
Percentile by Number Answered
Your Score History
You have not taken this quiz